Louane - Dans ma tête (Paroles) - Statistiques

Statistiques générales
  • Ce quiz a été pris 9 fois
  • Le résultat moyen est 216 sur 300
Statistiques - réponses
Paroles % Correct
à
100%
A
100%
a
100%
de
100%
en
100%
j'
100%
J'
100%
je
100%
Je
100%
ça
83%
dans
83%
Et
83%
la
83%
le
83%
les
83%
ma
83%
me
83%
mes
83%
par
83%
Qui
83%
qui
83%
s'
83%
se
83%
suis
83%
tête
83%
Tu
83%
ai
67%
calmer
67%
Ces
67%
comme
67%
fort
67%
idées
67%
jour
67%
J'suis
67%
juste
67%
J'voudrais
67%
malade
67%
malade,
67%
mélange
67%
mélangent
67%
mélanger
67%
nuit
67%
67%
pas
67%
peine
67%
pensées
67%
plus
67%
que
67%
questions
67%
rendent
67%
respirer,
67%
respirer
67%
rongée
67%
sais,
67%
s'arrête
67%
s'arrêtent
67%
sens
67%
si
67%
son
67%
tempête
67%
tout
67%
Trop
67%
trop
67%
un
67%
veines
67%
voudrais
67%
Y
67%
affronter
50%
airs
50%
choses
50%
continue,
50%
corps
50%
côté
50%
coupé
50%
couper
50%
crois
50%
Dis
50%
Encore
50%
essaye
50%
faire
50%
figer
50%
j'aimerais
50%
j'apprends
50%
jeter
50%
j'sens
50%
laisse
50%
mélanges
50%
m'en
50%
mer
50%
mille
50%
moi
50%
Oh,
50%
peux
50%
plonge
50%
pourquoi
50%
Quand
50%
sans
50%
songes
50%
sortir
50%
souffle
50%
surviennent
50%
taire
50%
une
50%
Une
50%
vient
50%
arrêtent
33%
d'affronter
33%
dehors
33%
enchaînée
33%
essayer
33%
laisser
33%
tant
33%
voler
33%
Aucun quiz correspondant
Distribution des résultats
% des personnes avec chaque résultat
Percentile par nombre de réponses
Votre historique - résultats
Vous n’avez pas pris ce quiz